A complete system of practical arithmetic (Record no. 113537)
[ view plain ]
| 000 -LEADER | |
|---|---|
| fixed length control field | 01224cam a22001935a 4500 |
| 001 - CONTROL NUMBER | |
| control field | L155394 |
| 008 - FIXED-LENGTH DATA ELEMENTS--GENERAL INFORMATION | |
| fixed length control field | 120320s1783 xxk f 000 0 eng d |
| 035 ## - SYSTEM CONTROL NUMBER | |
| System control number | (Sirsi) u155394 |
| 041 0# - LANGUAGE CODE | |
| Language code of text/sound track or separate title | eng |
| 100 1# - MAIN ENTRY--PERSONAL NAME | |
| Personal name | Taylor, William |
| 245 02 - TITLE STATEMENT | |
| Title | A complete system of practical arithmetic |
| Remainder of title | with various branches in the mathematics: adapted for the use of the Gentleman and Scholar, as well as for the man of business. The whole interspersed with A great Variety of useful Questions worked at full Length. Adorned with Proper Plates, Cuts, and Tables, In order to excite the Curiosity, and form the Minds of Youth. To which is added, By way of appendix, Book-Keeping, by Single and Double Entry, with different Forms of Acquittances, Bills of Exchange, &c. &c. By William Taylor, Teacher of the Mathematics, and Land-Surveyor |
| 260 ## - PUBLICATION, DISTRIBUTION, ETC. | |
| Place of publication, distribution, etc. | Birmingham |
| Name of publisher, distributor, etc. | printed for the author; sold by Pearson and Rollason, in High-Street, and R. Baldwin, Pater-Noster Row, London |
| Date of publication, distribution, etc. | MDCCLXXXIII. [1783] |
| 300 ## - PHYSICAL DESCRIPTION | |
| Extent | xv, [1], 586, [6] p., plates |
| Other physical details | ill. |
| Dimensions | 8o |
| 520 ## - SUMMARY, ETC. | |
| Summary, etc. | With a list of the subscribers. |
| 583 ## - ACTION NOTE | |
| Action | Condition reviewed |
| Time/date of action | 20120620 |
| Status | condition level 1 |
| 651 #4 - SUBJECT ADDED ENTRY--GEOGRAPHIC NAME | |
| Geographic name | Great Britain |
| Chronological subdivision | 1707- |
| 690 ## - LOCAL SUBJECT ADDED ENTRY--TOPICAL TERM (OCLC, RLIN) | |
| Topical term or geographic name as entry element | Measurement |
| 9 (RLIN) | 6256 |
| 942 ## - ADDED ENTRY ELEMENTS (KOHA) | |
| Suppress in OPAC | 0 |
| Withdrawn status | Lost status | Source of classification or shelving scheme | Damaged status | Not for loan | Home library | Current library | Shelving location | Date acquired | Total Checkouts | Full call number | Barcode | Date last seen | Copy number | Price effective from | Koha item type |
|---|---|---|---|---|---|---|---|---|---|---|---|---|---|---|---|
| Dewey Decimal Classification | Historic collection | Historic collection | Historic collection | 20/03/2012 | OCTAVO 1783 TAYLOR | 30075922 | 06/08/2019 | 1 | 06/08/2019 | Book |